Statistiques concernant Géographie des États-Unis et du Canada sur une carte

Cliquez ici pour prendre le quiz!

Statistiques générales

  • Ce quiz a été pris 131 fois
  • Le résultat moyen est 45 sur 155

Réponses sur la Carte

Les réponses sont colorées sur une échelle allant du rouge au vert en fonction du pourcentage des utilisateurs qui les ont devinées à leur premier essai. Vous pouvez retrouver ces pourcentages ci-dessous.
 

Statistiques - réponses

grouperéponse% Correct
capitaleQuébec
82%
villeNew York
81%
ville olympiqueLos Angeles
80%
fleuveMississippi
78%
ville olympiqueMontréal
76%
étatLouisiane
74%
étatNouveau-Mexique
74%
ville olympique | îleVancouver
74%
villeToronto
72%
lacMichigan
70%
étatCaroline du Sud
69%
étatMontana
69%
capitaleBoston
68%
villeMiami
67%
villeChicago
66%
capitaleDenver
66%
villeLas Vegas
66%
capitalePhoenix
63%
ville olympiqueAtlanta
61%
étatVirginie-Occidentale
61%
rivièreMissouri
60%
provinceTerre-Neuve-et-Labrador
60%
villeSeattle
59%
ville olympiqueSalt Lake City
58%
lacSupérieur
58%
fleuveColorado
57%
villeHouston
57%
lacOntario
56%
fleuveRio Grande
56%
étatConnecticut
55%
étatIowa
55%
étatNew Hampshire
55%
parc nationalYellowstone
55%
villeDetroit
54%
lacErie
54%
capitaleIndianapolis
54%
capitaleHonolulu
53%
ville olympiqueCalgary
52%
fleuveSaint-Laurent
52%
provinceManitoba
49%
rivièreOhio
49%
fleuveYukon
47%
capitaleEdmonton
45%
provinceÎle-du-Prince-Édouard
44%
territoireTerritoires du nord-ouest
43%
rivièreArkansas
42%
villePortland
42%
plan d'eauDetroit d'Hudson
41%
ville olympiqueSaint Louis
39%
lacHuron
37%
plan d'eauOcéan Pacifique
35%
villeMinneapolis
34%
plan d'eauocéan Atlantique
34%
villeJacksonville
33%
villeMemphis
33%
villeNouvelle-Orléans
33%
montagneDenali
32%
parc nationalYosemite
32%
villeBuffalo
31%
capitaleDes Moines
31%
parc nationalEverglades
31%
capitaleHalifax
30%
plan d'eauMer du Labrador
30%
capitaleVictoria
30%
villeAlbuquerque
29%
plan d'eauGolfe du Mexique
29%
plan d'eauMer de Béring
29%
plan d'eauocéan Arctique
29%
capitaleRichmond
29%
lacWinnipeg
29%
capitaleYellowknife
28%
villeAnchorage
27%
capitaleBoise
26%
îleLong Island
25%
parc nationalGrand Canyon
24%
villeSan Jose
23%
îleÎles Aléoutiennes
22%
montagneMont Rushmore
20%
villeOmaha
20%
fleuvePotomac
20%
capitaleAugusta
19%
plan d'eauBaie d'Hudson
19%
ville olympiqueLake Placid
19%
îleOʻahu
18%
capitaleRegina
18%
fleuveColumbia
17%
îleEllesmere
17%
plan d'eauPassage du Nord-Ouest
17%
parc nationalVallée de la Mort
17%
capitaleWhitehorse
17%
fleuveMackenzie
16%
villeSaskatoon
16%
îleBanks
15%
lacGrand lac de l'Ours
15%
îleAnticosti
14%
parc nationalBanff
14%
villeCincinnati
14%
lacGrand lac des Esclaves
14%
lacGrand lac Salé
14%
capitaleIqaluit
14%
lacTahoe
14%
îleCap-Breton
13%
montagneMauna Kea
13%
montagneMont St Helens
12%
villeSavannah
12%
villeWichita
12%
péninsuleCap Cod
11%
parc nationalJasper
11%
villeTulsa
11%
villeFargo
10%
plan d'eauGolfe du Saint-Laurent
10%
îleKodiak
10%
plan d'eauBaie de Fundy
9%
montagneMont Rainier
9%
ville olympiquePalisades Tahoe
9%
rivièreSnake
9%
bodyofwaterBaie de San Francisco
8%
montagneMont Logan
8%
montagneMont Washington
8%
villeSault Ste. Marie
8%
parc nationalZion
8%
plan d'eauBaie de Baffin
6%
plan d'eauGolfe d'Alaska
6%
plan d'eauBaie de Chesapeake
5%
parc nationalJoshua Tree
5%
plan d'eauMer de Beaufort
5%
villeNorfolk
5%
péninsulePéninsule de Floride
5%
villeBillings
4%
îleDevon
4%
plan d'eauMer des Tchouktches
4%
îleSouthampton
4%
plan d'eauDétroit de Davis
3%
plan d'eauGolfe du Maine
3%
parc nationalGreat Smoky Mountains
3%
montagneMont Mitchell
3%
montagneMont Robson
3%
montagneMont Thor
3%
montagneMont Whitney
3%
péninsuleOlympique
3%
rivièreRouge
3%
lacAthabasca
2%
îleBathurst
2%
péninsuleDelmarva
2%
montagneMont Elbert
2%
montagneMont Hood
2%
montagneMont Saint-Élie
2%
rivièreNelson
2%
péninsulePéninsule inférieure
2%
péninsulePéninsule supérieure
2%
lacSainte-Claire
2%
îleSomerset
2%
plan d'eauMer des Salish
1%
plan d'eauSon Puget
1%

Distribution des résultats

Percentile par nombre de réponses

% des personnes avec chaque résultat

Votre développement - résultats

Vous n’avez pas pris ce quiz